[Event "Novosibirsk-ch"]
[Site "Novosibirsk"]
[Date "2010.03.11"]
[Round "8"]
[White "Chuguev, Anton"]
[Black "Bublei, Pavel"]
[Result "0-1"]
[WhiteElo "2266"]
[BlackElo "2217"]
[PlyCount "94"]
[EventDate "2010.03.01"]
[EventType "swiss"]
[EventRounds "9"]
[EventCountry "RUS"]
[SourceTitle "CBM 135 Extra"]
[Source "ChessBase"]
[SourceDate "2010.05.04"]
[SourceVersion "1"]
[SourceVersionDate "2010.05.04"]
[SourceQuality "1"]

1. d4 d5 2. c4 c6 3. Nc3 Nf6 4. cxd5 cxd5 5. Nf3 Nc6 6. Bf4 Bf5 7. e3 e6 8. Ne5 Nxe5 9. Bxe5 Bd6 10. Qa4+ Kf8 11. Be2 Kg8 12. 0-0 h6 13. f3 Bxe5 14. dxe5 Nd7 15. Qd4 Qc7 16. f4 a6 17. Rac1 Qd8 18. Rfd1 Qb6 19. Na4 Qxd4 20. exd4 b5 21. Nc5 Nxc5 22. Rxc5 Kh7 23. Rdc1 Kg6 24. Kf2 h5 25. Ke3 h4 26. Rc7 b4 27. Rb7 a5 28. Rcc7 Rhf8 29. g4 hxg3 30. hxg3 Rac8 31. Rc5 Rh8 32. Bd3 Bxd3 33. Kxd3 Ra8 34. Rc2 Rh1 35. Ke3 Rg1 36. Kf3 Rd1 37. Ke3 Re1+ 38. Kf3 Rd1 39. Rcc7 Rf8 40. Rc5 Rd3+ 41. Kg4 f5+ 42. Kh3 Rd2 43. g4 Rh8+ 44. Kg3 Rhh2 45. g5 Rdg2+ 46. Kf3 Rxb2 47. Kg3 Rhd2 0-1

[Event "Novosibirsk-ch"]
[Site "Novosibirsk"]
[Date "2010.03.06"]
[Round "5"]
[White "Garder, Igor"]
[Black "Chuguev, Anton"]
[Result "0-1"]
[WhiteElo "2238"]
[BlackElo "2266"]
[PlyCount "90"]
[EventDate "2010.03.01"]
[EventType "swiss"]
[EventRounds "9"]
[EventCountry "RUS"]
[SourceTitle "CBM 135 Extra"]
[Source "ChessBase"]
[SourceDate "2010.05.04"]
[SourceVersion "1"]
[SourceVersionDate "2010.05.04"]
[SourceQuality "1"]

1. Nf3 d5 2. d4 c6 3. c4 Nf6 4. Nc3 a6 5. e3 b5 6. b3 Bg4 7. Be2 Nbd7 8. 0-0 e6 9. Bb2 Bd6 10. Ne5 Bxe2 11. Nxe2 bxc4 12. bxc4 Qb8 13. Rb1 Nxe5 14. dxe5 Bxe5 15. Bxe5 Qxe5 16. Qa4 0-0 17. Rb6 Ng4 18. Ng3 Nxe3 19. Re1 Qd4 20. Rxc6 Nxc4 21. Rxa6 Rxa6 22. Qxa6 Rb8 23. h3 g6 24. Re2 Rb1+ 25. Kh2 Qd1 26. h4 Qd4 27. Qc8+ Kg7 28. Qd8 Qf6 29. Qxf6+ Kxf6 30. Rc2 Ke5 31. Ne2 Ra1 32. Kg3 Kd6 33. Kf3 e5 34. Nc3 f5 35. Ke2 Na3 36. Rd2 d4 37. Rd1 Rxd1 38. Nxd1 Nc4 39. f3 Kd5 40. Nf2 e4 41. g4 d3+ 42. Ke1 Kd4 43. fxe4 fxe4 44. g5 e3 45. Ng4 Nb2 0-1

[Event "Novosibirsk-ch"]
[Site "Novosibirsk"]
[Date "2010.03.03"]
[Round "3"]
[White "Dzhumagaliev, Yan"]
[Black "Chuguev, Anton"]
[Result "1/2-1/2"]
[WhiteElo "2367"]
[BlackElo "2266"]
[PlyCount "122"]
[EventDate "2010.03.01"]
[EventType "swiss"]
[EventRounds "9"]
[EventCountry "RUS"]
[SourceTitle "CBM 135 Extra"]
[Source "ChessBase"]
[SourceDate "2010.05.04"]
[SourceVersion "1"]
[SourceVersionDate "2010.05.04"]
[SourceQuality "1"]

1. d4 Nf6 2. Nf3 e6 3. c4 d5 4. g3 dxc4 5. Bg2 Nc6 6. Qa4 Bb4+ 7. Bd2 Bxd2+ 8. Nbxd2 0-0 9. Qxc4 e5 10. dxe5 Ng4 11. Qc3 Re8 12. Nc4 Qe7 13. Rd1 Qc5 14. 0-0 Be6 15. Rc1 Rad8 16. h3 Qxc4 17. Qxc4 Bxc4 18. Rxc4 Ngxe5 19. Nxe5 Rxe5 20. e3 Rd2 21. Bxc6 bxc6 22. Rxc6 Rxb2 23. Rxc7 g6 24. Rxa7 Rd5 25. Kg2 Rdd2 26. a4 Ra2 27. g4 Rdb2 28. Kg3 Rb4 29. Rd1 Rbxa4 30. Re7 Ra8 31. Rdd7 Rf8 32. h4 h6 33. e4 Raa8 34. h5 g5 35. Rd6 Rfe8 36. Rxe8+ Rxe8 37. Rxh6 Rxe4 38. Rb6 Re5 39. Kf3 Kg7 40. Rb3 Re6 41. Rb5 Kh6 42. Kg3 Rd6 43. Re5 Rd4 44. f3 Ra4 45. Rf5 Ra2 46. f4 gxf4+ 47. Rxf4 Kg7 48. Rb4 Ra5 49. Kf4 Kh6 50. Re4 Rb5 51. Re5 Rb1 52. Rf5 Rf1+ 53. Ke5 Rg1 54. Rf4 Kg5 55. Rxf7 Re1+ 56. Kd6 Kxg4 57. h6 Kg5 58. h7 Rh1 59. Ke6 Kg6 60. Rf1 Rxh7 61. Rg1+ Kh5 1/2-1/2

[Event "Novosibirsk Region-ch"]
[Site "Novosibirsk"]
[Date "2009.12.11"]
[Round "9"]
[White "Garder, Igor"]
[Black "Chuguev, Anton"]
[Result "1-0"]
[WhiteElo "2221"]
[BlackElo "2214"]
[PlyCount "75"]
[EventDate "2009.12.04"]
[EventType "swiss"]
[EventRounds "9"]
[EventCountry "RUS"]
[SourceTitle "EXT 2011"]
[Source "ChessBase"]
[SourceDate "2010.11.26"]
[SourceVersion "1"]
[SourceVersionDate "2010.11.26"]
[SourceQuality "1"]

1. d4 c5 2. d5 e5 3. e4 d6 4. Be2 Be7 5. Nf3 Bg4 6. Nfd2 Bxe2 7. Qxe2 Bg5 8. 0-0 Ne7 9. Nc3 Ng6 10. Nc4 Bxc1 11. Raxc1 a6 12. a4 b6 13. g3 0-0 14. Ra1 Ra7 15. Ra3 Rb7 16. Rb3 Qc7 17. Ne3 Re8 18. h4 Nf8 19. h5 Qe7 20. Nf5 Qf6 21. Kg2 h6 22. Nd1 Nh7 23. Nde3 Rd8 24. Nc4 b5 25. Na5 Rb6 26. axb5 axb5 27. Rxb5 Rxb5 28. Qxb5 Qg5 29. Nc6 Qxh5 30. Nxd8 Ng5 31. f3 Qh3+ 32. Kf2 Qh2+ 33. Ke3 Qxc2 34. Qd3 Qa4 35. Nxd6 Nd7 36. Nc4 f5 37. Ne6 Nxe6 38. dxe6 1-0

[Event "Novosibirsk Region-ch"]
[Site "Novosibirsk"]
[Date "2009.12.05"]
[Round "2"]
[White "Chuguev, Anton"]
[Black "Dzhumagaliev, Yan"]
[Result "1-0"]
[WhiteElo "2214"]
[BlackElo "2354"]
[PlyCount "149"]
[EventDate "2009.12.04"]
[EventType "swiss"]
[EventRounds "9"]
[EventCountry "RUS"]
[SourceTitle "EXT 2011"]
[Source "ChessBase"]
[SourceDate "2010.11.26"]
[SourceVersion "1"]
[SourceVersionDate "2010.11.26"]
[SourceQuality "1"]

1. c4 c5 2. Nf3 Nc6 3. Nc3 g6 4. e3 Bg7 5. d4 d6 6. Be2 Nh6 7. d5 Nb8 8. h3 f5 9. e4 0-0 10. e5 dxe5 11. Nxe5 Nd7 12. Nd3 Re8 13. 0-0 Nf7 14. Be3 b6 15. Qc2 Bb7 16. Rad1 Qc8 17. Nf4 Nf8 18. Bf3 Ng5 19. Be2 Nf7 20. Rfe1 Qd7 21. Bf1 Rad8 22. Bc1 Qc8 23. Ne6 Nxe6 24. Rxe6 Rd6 25. Rde1 Rxe6 26. Rxe6 Nd8 27. Re1 e5 28. Qa4 Nf7 29. Qxa7 e4 30. Qxb6 Ne5 31. Nb5 Nd7 32. Qc7 Be5 33. Qxc8 Bxc8 34. b3 Ba6 35. g3 Ra8 36. a4 Kg7 37. Kg2 Kf6 38. f3 exf3+ 39. Kxf3 g5 40. g4 h5 41. gxf5 Rg8 42. Kg2 Bxb5 43. cxb5 Nb6 44. Bc4 Nxc4 45. bxc4 Ra8 46. Bxg5+ Kxf5 47. Be7 Rxa4 48. d6 Ra2+ 49. Kf3 Rd2 50. b6 Bxd6 51. Bxd6 Rxd6 52. Rb1 Rd3+ 53. Ke2 Rd8 54. b7 Rb8 55. Ke3 h4 56. Rb5 Ke6 57. Kf4 Kd6 58. Kf5 Kc6 59. Kg4 Rxb7 60. Rxb7 Kxb7 61. Kxh4 Kb6 62. Kg4 Ka5 63. h4 Kb4 64. h5 Kxc4 65. h6 Kb3 66. h7 c4 67. h8Q c3 68. Qb8+ Ka2 69. Qc7 Kb2 70. Qe5 Kb3 71. Qd5+ Kc2 72. Kf3 Kc1 73. Ke3 c2 74. Qb3 Kd1 75. Kd3 1-0

[Event "Novosibirsk op 04"]
[Site "Novosibirsk"]
[Date "2009.04.09"]
[Round "6"]
[White "Chuguev, Anton"]
[Black "Vorobjov, Stanislav"]
[Result "1/2-1/2"]
[WhiteElo "2214"]
[BlackElo "2175"]
[PlyCount "35"]
[EventDate "2009.04.03"]
[EventType "swiss"]
[EventRounds "9"]
[EventCountry "RUS"]
[SourceTitle "EXT 2012"]
[Source "ChessBase"]
[SourceDate "2011.11.24"]
[SourceVersion "1"]
[SourceVersionDate "2011.11.24"]
[SourceQuality "1"]

1. d4 e6 2. e4 b6 3. c4 Bb7 4. Nc3 Bb4 5. e5 Ne7 6. a3 Bxc3+ 7. bxc3 c5 8. Qg4 0-0 9. Bd3 d6 10. Bg5 dxe5 11. Bf6 g6 12. Qg5 Nbc6 13. Qh6 Nf5 14. Bxd8 Nxh6 15. d5 Raxd8 16. dxc6 Rxd3 17. cxb7 Rxc3 18. Kd2 1/2-1/2

[Event "Novosibirsk-ch op"]
[Site "Novosibirsk"]
[Date "2009.02.27"]
[Round "9"]
[White "Chuguev, Anton"]
[Black "Survilo, Viktoria"]
[Result "1-0"]
[WhiteElo "2194"]
[BlackElo "1892"]
[PlyCount "99"]
[EventDate "2009.02.18"]
[EventType "swiss"]
[EventRounds "9"]
[EventCountry "RUS"]
[SourceTitle "CBM 129 Extra"]
[Source "ChessBase"]
[SourceDate "2009.05.05"]
[SourceVersion "2"]
[SourceVersionDate "2009.05.20"]
[SourceQuality "1"]

1. e4 c5 2. b3 d6 3. Bb5+ Nd7 4. Bb2 e6 5. Ne2 Ngf6 6. Ng3 a6 7. Bxd7+ Bxd7 8. 0-0 Be7 9. Nh5 Nxh5 10. Qxh5 Bf6 11. Bxf6 Qxf6 12. Nc3 0-0 13. Rae1 Qg6 14. Qxg6 hxg6 15. e5 d5 16. Rb1 b5 17. d4 b4 18. Ne2 Bb5 19. Rfe1 Bxe2 20. Rxe2 cxd4 21. Rd1 Rfc8 22. Rxd4 a5 23. Kf1 Rc5 24. Ke1 Rac8 25. Kd1 R5c6 26. Kc1 f6 27. f4 f5 28. a3 Rc3 29. Kb1 Rb8 30. axb4 axb4 31. Kb2 Rc6 32. Re1 Kf7 33. Ra1 Rbc8 34. Ra7+ Kf8 35. Rd2 Rb8 36. g3 Kg8 37. h4 Kf8 38. Rd4 Rbc8 39. Rxb4 Rxc2+ 40. Ka3 R2c7 41. Rbb7 Rxb7 42. Rxb7 Rc3 43. Kb4 Rxg3 44. Kc5 Rf3 45. Kd6 d4 46. Kxe6 Kg8 47. Rb8+ Kh7 48. Kf7 Rc3 49. e6 Rc7+ 50. e7 1-0

[Event "Novosibirsk April op"]
[Site "Novosibirsk"]
[Date "2008.04.11"]
[Round "7"]
[White "Giljazitdinov, Eduard"]
[Black "Chuguev, Anton"]
[Result "0-1"]
[WhiteElo "2124"]
[BlackElo "2153"]
[PlyCount "116"]
[EventDate "2008.04.05"]
[EventType "swiss"]
[EventRounds "9"]
[EventCountry "RUS"]
[SourceTitle "EXT 2010"]
[Source "ChessBase"]
[SourceDate "2010.11.25"]
[SourceVersion "1"]
[SourceVersionDate "2010.11.25"]
[SourceQuality "1"]

1. e4 c6 2. d4 d5 3. Nc3 dxe4 4. Nxe4 Nf6 5. Nxf6+ gxf6 6. c3 Bf5 7. Bd3 Bg6 8. h4 Qd5 9. Bxg6 hxg6 10. Qf3 Nd7 11. Qxd5 cxd5 12. Nf3 e6 13. a4 Bd6 14. Bd2 g5 15. g3 gxh4 16. gxh4 Rh5 17. Ke2 Ke7 18. Rag1 Rah8 19. Rg7 Nf8 20. Rhg1 a6 21. b3 R5h7 22. Rxh7 Rxh7 23. c4 Rh5 24. c5 Bc7 25. b4 Ng6 26. Rg4 Kd7 27. b5 axb5 28. axb5 Bd8 29. Rg1 Nxh4 30. Rc1 Nxf3 31. c6+ Kc8 32. Kxf3 bxc6 33. bxc6 Bb6 34. c7 Rh3+ 35. Ke2 Ra3 36. Bf4 Ra7 37. Bd6 Bxc7 38. Be7 f5 39. Bc5 Rb7 40. Rh1 Bb6 41. Rh8+ Kd7 42. Rf8 Bxc5 43. dxc5 Kc6 44. Rc8+ Rc7 45. Re8 Kxc5 46. Kd3 Ra7 47. Rc8+ Kd6 48. Rd8+ Ke5 49. Rb8 Ra3+ 50. Ke2 Ke4 51. Rb7 Ra2+ 52. Kf1 f4 53. Rxf7 f3 54. Kg1 Ra1+ 55. Kh2 Rf1 56. Kg3 Rg1+ 57. Kh2 Rg2+ 58. Kh1 Rxf2 0-1

[Event "Novosibirsk March op"]
[Site "Novosibirsk"]
[Date "2008.03.20"]
[Round "5"]
[White "Zubarev, Alexsander M"]
[Black "Chuguev, Anton"]
[Result "0-1"]
[WhiteElo "1937"]
[BlackElo "2153"]
[PlyCount "48"]
[EventDate "2008.03.11"]
[EventType "swiss"]
[EventRounds "9"]
[EventCountry "RUS"]
[SourceTitle "EXT 2010"]
[Source "ChessBase"]
[SourceDate "2010.11.25"]
[SourceVersion "1"]
[SourceVersionDate "2010.11.25"]
[SourceQuality "1"]

1. d4 c6 2. e4 d5 3. Nd2 dxe4 4. Nxe4 Nf6 5. Ng3 h5 6. Bc4 h4 7. N3e2 h3 8. g3 b5 9. Bd3 Qd5 10. f3 Nbd7 11. c3 e5 12. Qb3 Qd6 13. Qc2 Bb7 14. Bf5 c5 15. dxe5 Nxe5 16. Bf4 Rd8 17. Bxe5 Qxe5 18. Nxh3 g6 19. Bxg6 Rxh3 20. 0-0 Qe3+ 21. Kg2 Rd2 22. Kxh3 Bc8+ 23. g4 Bxg4+ 24. Kg3 Bd6+ 0-1

[Event "Novosibirsk March op"]
[Site "Novosibirsk"]
[Date "2008.03.18"]
[Round "4"]
[White "Chuguev, Anton"]
[Black "Chaschin, Nikolay"]
[Result "1-0"]
[WhiteElo "2153"]
[BlackElo "1876"]
[PlyCount "49"]
[EventDate "2008.03.11"]
[EventType "swiss"]
[EventRounds "9"]
[EventCountry "RUS"]
[SourceTitle "EXT 2010"]
[Source "ChessBase"]
[SourceDate "2010.11.25"]
[SourceVersion "1"]
[SourceVersionDate "2010.11.25"]
[SourceQuality "1"]

1. e4 e5 2. f4 Bc5 3. Nf3 d6 4. Bc4 Be6 5. Bxe6 fxe6 6. b4 Bb6 7. d4 exd4 8. Nxd4 Qf6 9. c3 Ne7 10. 0-0 0-0 11. Kh1 Nbc6 12. Bb2 e5 13. Qb3+ Kh8 14. Ne6 Rfe8 15. Nd2 Nd8 16. Nxd8 Raxd8 17. c4 Qe6 18. c5 Qxb3 19. Nxb3 dxc5 20. bxc5 Bxc5 21. Nxc5 exf4 22. Ne6 Rd7 23. Nxg7 Rc8 24. Nh5+ Kg8 25. Nf6+ 1-0

[Event "Novosibirsk-ch sf"]
[Site "Novosibirsk"]
[Date "2008.01.23"]
[Round "8"]
[White "Gavrilov, Gennady"]
[Black "Chuguev, Anton"]
[Result "0-1"]
[WhiteElo "2081"]
[BlackElo "2153"]
[PlyCount "120"]
[EventDate "2008.01.13"]
[EventType "swiss"]
[EventRounds "9"]
[EventCountry "RUS"]
[SourceTitle "EXT 2010"]
[Source "ChessBase"]
[SourceDate "2010.11.25"]
[SourceVersion "1"]
[SourceVersionDate "2010.11.25"]
[SourceQuality "1"]

1. e4 c5 2. Nf3 Nc6 3. Bc4 g6 4. c3 Bg7 5. 0-0 Qc7 6. d4 cxd4 7. cxd4 Nxd4 8. Bxf7+ Kxf7 9. Nxd4 Nf6 10. Nc3 Rf8 11. Qb3+ e6 12. Ndb5 Qb8 13. Qb4 Ne8 14. Bg5 a6 15. Nd4 Qd6 16. Qxd6 Nxd6 17. Rad1 b5 18. f3 h6 19. Bh4 Nc4 20. Rf2 Ke8 21. b3 Ne5 22. Rc2 Bb7 23. Ndxb5 axb5 24. Nxb5 g5 25. Bf2 Bc6 26. Nc7+ Kf7 27. Nxa8 Rxa8 28. Bc5 Bf8 29. Bxf8 Kxf8 30. a4 Rb8 31. Rc5 Ng6 32. Rc3 Nf4 33. Kf2 e5 34. a5 Ne6 35. Ra1 Ra8 36. b4 Ke7 37. a6 Nc7 38. Ra5 Rxa6 39. Rxe5+ Kd6 40. Rf5 Ke6 41. Rcc5 Rb6 42. h4 Ke7 43. hxg5 hxg5 44. Rce5+ Ne6 45. b5 Bb7 46. Rxg5 d6 47. Rxe6+ Kxe6 48. e5 Rxb5 49. Rg6+ Kf5 50. Rxd6 Rxe5 51. Rb6 Re7 52. Rb2 Rc7 53. Ra2 Bd5 54. Rb2 Rc1 55. Rd2 Ke5 56. Re2+ Kf4 57. Rd2 Bc4 58. Rd4+ Kg5 59. Kg3 Rc2 60. Rg4+ Kf5 0-1